1st, 2nd and 3rd largest cities in countries (#2) - Statistics

General Stats
  • This quiz has been taken 106 times
  • The average score is 13 of 15
Answer Stats
Country Rank in country Population Answer % Correct
Netherlands 1st 1,114,745 Amsterdam
100%
Spain 1st 3,223,334 Madrid
100%
Austria 1st 1,897,491 Vienna
100%
2nd 1,620,343 Barcelona
99%
Norway 1st 1,000,467 Oslo
99%
Canada 1st 2,731,571 Toronto
99%
2nd 829,875 Rotterdam
98%
2nd 1,704,694 Montréal
95%
3rd 791,413 Valencia
92%
3rd 803,835 The Hague
84%
3rd 1,239,220 Calgary
78%
2nd 255,464 Bergen
77%
2nd 288,806 Graz
65%
3rd 205,726 Linz
50%
3rd 222,697 Stavanger
39%
No matching quizzes found
Score Distribution
Percent of People with Each Score
Percentile by Number Answered
Your Score History
You have not taken this quiz